[Event "Oberpfalz-ch M2"]
[Site "Regensburg"]
[Date "2006.04.08"]
[Round "1"]
[White "Gogeissl, Christian"]
[Black "Zweck, Benjamin"]
[Result "1/2-1/2"]
[WhiteElo "1809"]
[BlackElo "1657"]
[PlyCount "38"]
[EventDate "2006.04.08"]
[EventType "swiss"]
[EventRounds "8"]
[EventCountry "GER"]
[SourceTitle "EXT 2022"]
[Source "ChessBase"]
[SourceDate "2021.10.06"]
[SourceVersion "1"]
[SourceVersionDate "2021.10.06"]
[SourceQuality "1"]

1. Nf3 Nf6 2. g3 g6 3. Bg2 Bg7 4. 0-0 0-0 5. c4 d6 6. d4 Nc6 7. Nc3 e5 8. dxe5 dxe5 9. e4 h6 10. b3 Qxd1 11. Rxd1 Be6 12. Bb2 Rad8 13. Nd5 Nxe4 14. Nxc7 Bg4 15. Re1 Bxf3 16. Bxf3 Ng5 17. Bg2 Rd2 18. Rab1 Nd4 19. Bxd4 exd4 1/2-1/2